| 000 | 00496 a2200181 4500 | ||
|---|---|---|---|
| 001 | 066130 | ||
| 003 | OSt | ||
| 005 | 20210914154737.0 | ||
| 008 | |||
| 082 |
_a515.9 _bH19H |
||
| 245 | 1 |
_aHandbook of complex analysis _cedited by Reiner Kuhnau |
|
| 260 |
_aUK _bElsevier _c2002 |
||
| 300 | _a536p. | ||
| 500 | _av.1(Acc.no.416,417) | ||
| 690 | _aGeometric function theory; Functions of complex variables | ||
| 700 |
_aKuhnau, Reiner _eEditor |
||
| 942 |
_2ddc _cBK |
||
| 999 |
_c321 _d321 |
||